Basic Physical Chemistry for the life Sciences

Bibliographic Details
Main Author: Williams, R. Virginia
Format: Section = Libro
Language:Undetermined
Spanish
Published: United States Freeman and Company 1973
Subjects:
LEADER 00525nam a2200193Ia 4500
008 240830s9999 xx 000 0 und d
020 |a 0-7167-0171-5 
040 |a CEDOC FIQ-RUSB / 539 W721 
041 |a spa 
082 |a 539 W721 
100 1 |a Williams, R. Virginia 
245 1 0 |a Basic Physical Chemistry for the life Sciences 
260 |a United States  |b Freeman and Company  |c 1973 
300 |a 524 p.: il. 
650 7 |a FISICOQUIMICA 
650 7 |b  CÉLULAS ELECTROQUÍMICAS 
942 |c BK  |2 ddc 
991 |a TEXTO 
999 |c 13354